Alive - One Direction (All Lyrics) - Statistics

General Stats
  • This quiz has been taken 48 times
  • The average score is 240 of 278
Answer Stats
Answers % Correct
a
100%
alive?
100%
alive"
100%
do?"
100%
Do
100%
I
100%
it
100%
me
100%
me?
100%
the
100%
to
100%
you
100%
Does
97%
go
97%
My
97%
said
97%
don't
94%
Don't
94%
feel
94%
it's
94%
life
94%
live
94%
make
94%
She
94%
she
94%
should
94%
So
94%
what
94%
"What
94%
your
94%
alright
91%
be
91%
"Can
91%
for
91%
girl
91%
"Hey
91%
if
91%
some
91%
We
91%
we
91%
and
88%
back
88%
can't
88%
Can't
88%
doctor
88%
get
88%
her
88%
is
88%
makes
88%
therapy
88%
why
88%
with
88%
asked
84%
Even
84%
even
84%
know
84%
look
84%
told
84%
tonight"
84%
every
81%
only
81%
wrong
81%
got
78%
in
78%
met
78%
mother
78%
tell
78%
meet
75%
wanna
75%
Went
75%
going
72%
just
72%
out
72%
party
72%
after
69%
contain
69%
crazy
69%
find
69%
friends
66%
I'm
66%
talked
66%
think
66%
yeah
66%
of
63%
over
63%
but
59%
control
59%
ear
59%
nothing
59%
older
59%
repeat
59%
that
59%
took
59%
before
56%
"Okay"
56%
up
56%
like
53%
oh
53%
Oh
53%
something
53%
taking
53%
was
53%
whisper
53%
will
53%
worried
53%
balcony
50%
weight
50%
off
47%
prove
47%
She's
47%
shoulders
47%
lose
44%
right
44%
Shake
38%
world
38%
from
25%
No matching quizzes found
Score Distribution
Percent of People with Each Score
Percentile by Number Answered
Your Score History
You have not taken this quiz